Cargando...
When a great tradition modernizes: Anthropological approach to Indian civilization /
| Autor principal: | |
|---|---|
| Formato: | Printed Book |
| Lenguaje: | English |
| Publicado: |
New York :
Praeger,
1972.
|
| LEADER | 00505nam a2200133Ia 4500 | ||
|---|---|---|---|
| 008 | 150624b xxu||||| |||| 00| 0 eng d | ||
| 082 | |a 915.406 | ||
| 100 | |a Singer, Milton | ||
| 245 | |a When a great tradition modernizes: |b Anthropological approach to Indian civilization / |c Milton Singer | ||
| 260 | |a New York : |b Praeger, |c 1972. | ||
| 300 | |a 430 p. | ||
| 942 | |c BK | ||
| 999 | |c 30705 |d 30705 | ||
| 952 | |0 0 |1 0 |4 0 |6 915_406000000000000_SIN_W |7 0 |9 30704 |a UL |b UL |c ST2 |d 1998-09-24 |l 0 |o 915.406 SIN/W |p 42212 |r 2012-10-27 |w 2012-10-27 |y BK | ||